Регионална библиотека "Любен Каравелов" - Русе

Звездите разкриват нови тайни (Запис номер 171337)

MARC детайли
000 -Лидер
Контролно поле с фиксирана дължина 01612nam a2200349 c 4500
003 - Код на организацията, давaща контролен номер
Контролно поле BLK
005 - Дата и час на последна редакция
Контролно поле 20180422114442.0
008 - Елементи от данни с фиксирана дължина
fixed length control field 180411b bul|||||r ||||||| ||bul||
010 ## - Наследен системен номер
LC control number KNG00179600000
040 ## - Източник на каталожния запис
Идентификатор на билиотеката - собственик на записа BLK
041 ## - Код за език
Код за езика на текст/звукозапис или на отделно заглавие Български
Код за езика КДБФ Български
080 ## - УДК
Текстов определител УДК Звезди и звездни системи. Вселена - Космически лъчи, междузвездно пространство, Галактика, Млечен път, космология, извънгалактически системи
УДК код - определител по УДК 524
УДК определител
УДК - код + определител 524
100 1# - Редна дума - Автор
Автор Николов, Никола Стефанов
Авторска отговорност първи автор
R(LIN) 369770
139 ## - Редно поле
Редна дума Николов, Никола Стефанов и др.
Авторски знак Николо - Н 74
245 10 - Сведения за заглавието
Заглавие Звездите разкриват нови тайни
Подзаглавни данни Научнопопул. четиво
Редно поле (дума) Никола Стефанов Николов; съавт. Венелина Рачева; съавт. Валери Голев.
257 ## - Страна на издаване
Страна на създаване/издаване България
260 ## - Област на издателските данни
-- София
Име на издателя, разпространителя и проч. Нар. просв.
Година на издаване 1985
300 ## - Физическа характеристика
Страници 143 с.
Илюстрации и др. с ил., 8 л. цв. ил.
Размери/Мащаб 21 см
380 ## - Жанр
Жанр Естествени науки. Математика
490 1# - СЕРИИ (Колекции)
Име на серия Библиотека за ученика
490 1# - СЕРИИ (Колекции)
-- Подсерия
Име на серия Серия Физика
650 #4 - Допълнително описание по предмет – тема
Основно описание – тема или топоним Звезди
9 (RLIN) 155877
653 ## - Ключова дума – ненормативна
Ключова дума звезди
653 ## - Ключова дума – ненормативна
Ключова дума научно-популярни книги
700 1# - Други автори (авторска отговорност)
Лично име Рачева, Венелина
Автороска отговорност (Описва отношението между автора и произведението) съавт.
9 (RLIN) 288866
700 1# - Други автори (авторска отговорност)
Лично име Голев, Валери
Автороска отговорност (Описва отношението между автора и произведението) съавт.
9 (RLIN) 371489
852 ## - Местоположение
Форматна сигнатура Цб 137573
856 4# - Електронен адрес и достъп
Електронен формат pdf - файл
Път до файла /url/
856 4# - Електронен адрес и достъп
Електронен формат pdf - файл
Път до файла /url/
942 ## - АРТИКУЛИ
Вид на библиотечния материал Книги
Скрит в OPAC Не
944 ## - СЪЗДАВАНЕ И РЕДАКЦИЯ на ЗАПИСА
Създаване/Редакция Създаване
Дата на регистрацията/редакция 12.08.2015
Служител, извършил регистрацията/редакцията Христина_Везирева
944 ## - СЪЗДАВАНЕ И РЕДАКЦИЯ на ЗАПИСА
Създаване/Редакция Редакция
Дата на регистрацията/редакция 27.09.2017
Служител, извършил регистрацията/редакцията Вася_Ганчева
999 ## - СИСТЕМНИ КОНТРОЛНИ НОМЕРА
Koha biblionumber 171337
Koha biblioitemnumber 171337
Наличности
Код за отписване Код за изгубен артикул Източник на класификационната схема Код за повреда Коз за рестрикции Код за отдаване Артикулен № Име на библиотеката - собственик Име на библиотеката, в която се намира в момента Статус (Текущо местоположение) Дата на вписване в системата Местоположение - отдел Цена в лева Инвентарен номер Систематично азбучна сигнатура Баркод Номер на екземпляра Цена в евро Служебна бележка Служебен тип на артикула Бележка за публиката
  Не е изгубен Universal Decimal Classification Не е повреден без рестрикции ползва се в читалня 291294 Регионална библиотека "Любен Каравелов" Русе Регионална библиотека "Любен Каравелов" Русе Хранилище 1985-01-01 Хранилище 0.98 436783 Цб 137573 900000016320 1 0.50 Вид: Сф N: стар фонд Дата: 01.01.1985 Книги  
Изтеглен Не е изгубен   Не е повреден без рестрикции заемане за дома 291295 Регионална библиотека "Любен Каравелов" Русе Регионална библиотека "Любен Каравелов" Русе   1985-01-01 Детски отдел 2.50 665216 ДН 52/Н 74 665216 2 1.28 Вид: Сф N: стар фонд Дата: 01.01.1985 Дата инв: 01.10.2015 Бележки инв: Д2015 Книги Отч.N: 38/2017 , Дата: 07.09.2017
Изтеглен Не е изгубен Universal Decimal Classification Не е повреден без рестрикции заемане за дома 291296 Регионална библиотека "Любен Каравелов" Русе Регионална библиотека "Любен Каравелов" Русе Заемна - подръчен фонд 1985-01-01 Заемна - подръчен фонд 0.98 435897 П 524/Н 74 435897 3 0.50 Вид: Сф N: стар фонд Дата: 01.01.1985 Книги  
Изтеглен Не е изгубен Universal Decimal Classification Не е повреден без рестрикции заемане за дома 291297 Регионална библиотека "Любен Каравелов" Русе Регионална библиотека "Любен Каравелов" Русе Заемна - подръчен фонд 1985-01-01 Заемна - подръчен фонд 0.98 435898 П 524/Н 74 435898 4 0.50 Вид: Сф N: стар фонд Дата: 01.01.1985 Книги  
Vip Innovations Ltd, Rousse, Bulgaria 2025